000 00365nam a2200133Ia 4500
005 20251222143158.0
008 251222s9999||||xx |||||||||||||| ||spa||
020 _a84-7908-330-1
082 _a336.76/A93
100 _aAyela Pastor, Rosa MarĂ­a
245 0 _aFuturos Financieros:
264 _bSecreatriado de Publicaciones. Universidad de Alicante
942 _cLIB
999 _c12944
_d12944